000 00301nam a22001337a 4500
008 170918b xxu||||| |||| 00| 0 eng d
020 _a9780198112570
041 _aeng
080 _a7
100 _a44
101 _aART
245 _aTHE OXFORD HISTORY OF WORLD CINEMA
_cSMITH,G.N
942 _2udc
_cBK
999 _c28007
_d28007